Apropar els inactius al mercat laboral : projecte Elionor projecte Elionor
Descripción Física:
1 carpeta amb llom de 3 cm ; 35 x 25 cm
MARC
| LEADER | 00000nam a2200000Ia 4500 | ||
|---|---|---|---|
| 001 | 24186 | ||
| 008 | 160829s9999 xx 000 0 cat d | ||
| 080 | |a NBM-9-4 | ||
| 245 | |a Apropar els inactius al mercat laboral : |b projecte Elionor | ||
| 260 | |a [Barcelona] : |b Diputació de Barcelona, Xarxa de Municipis, [2004] | ||
| 300 | |a 1 carpeta amb llom de 3 cm ; |c 35 x 25 cm | ||
| 590 | |a A la part inferior de la portada: Equal. | ||
| 590 | |a A la part superior de la portada: Elionor | ||
| 650 | |a Joves |x Treball |x Barcelona (província) |9 49415 | ||
| 650 | 0 | |a Ocupació, Cerca d' |z Barcelona (Catalunya : Província) |9 49416 | |
| 650 | 0 | |a Orientació professional |x Barcelona (Catalunya : Província) |9 27396 | |
| 710 | 1 | |a Barcelona (Catalunya : Província). |b Diputació |9 52408 | |
| 710 | 2 | |a Elionor (Programa) |9 53919 | |
| 710 | 2 | |a EQual (Programa) |9 55231 | |
| 901 | |a Arxiu | ||
| 942 | |n 1 | ||
| 952 | |0 0 |1 0 |4 0 |6 NBM94 |7 1 |9 55311 |a Arxiu |b Arxiu |d 2016-12-01 |l 0 |o NBM-9-4 |p 24186 |r 2016-12-01 00:00:00 |w 2016-12-01 |y ARXIU | ||
| 999 | |c 59184 |d 59184 | ||